000
00238nam a2200085Ia 4500
245
0
_a
Miludzi ya shango
100
_a
Makhado, T. Elim Hospital, South Africa, 2012
_9
79349
942
_c
BK
008
210819s9999 xx 000 0 und d
999
_c
276524
_d
276523